000 00695nam a2200229 a 4500
001 000023138
005 20200930022019.0
008 101129s1995 sp r 000 j spa d
020 _a8420646679
040 _aDO-SdBNP
_bspa
_cBNPHU
082 _a891.865
_bK11e
100 1 _aKafka, Franz,
_d1883-1924.
_931399
245 1 0 _aEn la colonia penitenciaria /
_cKafka, Franz ; traducción de J. R. Wilcok.
260 _aMadrid :
_bAlianza Editorial,
_c1995.
300 _a62 p. [2] ;
_c15 cm.
490 1 _aAlianza cien
_v67
650 4 _aNovela checa
_912956
650 4 _aLiteratura checa
_912957
700 1 _aWilcok, J. R.
_etr.
_947644
830 0 _aAlianza cien ;
_v67
_912832
049 _aBNGR
999 _c22635
_d22635